| 000 | 00000nam##2200000za#4500 |
| 001 | 9.644348 |
| 003 | CaOODSP |
| 005 | 20250506145324 |
| 007 | cr ||||||||||| |
| 008 | 150407|1973||||xxc|||||o f|0| 0 fre|d |
| 040 | |aCaOODSP|bfre |
| 043 | |an-cn--- |
| 086 | 1 |aA53-1513/1973F-PDF |
| 110 | 1 |aCanada.|bAgriculture Canada. |
| 245 | 10|aTaille et formation des arbres fruitiers / |h[ressource électronique]|cAuteurs : O.A. Bradt, A. Hutchinson, G. Tehrani. |
| 250 | |aRév. |
| 260 | |aOttawa - Ontario : |bAgriculture Canada |c1973. |
| 300 | |a36p.|bill. |
| 500 | |aSommaire: Protection des produits entreposés.--Détection des problèmes.--Identification des organismes.--Lutte contre les infestations.--Renseignements supplémentaires.--Noms vernaculaires et scientifiques des principales espèces qui parasitent le grain entreposé.--Références.--Pour en savoir plus.--Annexe. |
| 500 | |aPublication historique numérisée par Agriculture et Agroalimentaire Canada. |
| 590 | |a15-05-Supp|b2015-03-31 |
| 775 | 08|tPruning and training fruit trees / |w(CaOODSP)9.700464 |
| 856 | 40|ahttp://publications.gc.ca|qPDF|s2856 Ko|uhttps://publications.gc.ca/collections/collection_2015/aac-aafc/A53-1513-1973-fra.pdf |
| 986 | |aPublication 1513 |